000 00301 a2200145 4500
001 170387
020 _a
040 _cMagnum
100 _aCarvalho, Oto Moravia de
240 1 0 _aVoleibol moderno
_lpor
245 1 0 _aVoleibol moderno
362 0 _a1899
697 _aEDUCACAO FISICA
942 _cBK
999 _c170387
_d170387